000 00631cam a22001697a 4500
020 _a9780300187120 (pbk.)
020 _a0300187122 (pbk.)
050 0 0 _aQB 855
_b.H7 2013
100 1 _aHubble, Edwin,
_d1889-1953.
245 1 4 _aThe realm of the nebulae /
_cEdwin Hubble ; with new forewords by Robert P. Kirshner and Sean M. Carroll.
260 _aNew Haven :
_bYale University Press,
_cc2013.
300 _alii, 207 p., xiv leaves of plates :
500 _aOriginally published : New Haven : Yale University Press, 1936. With new forewords.
700 1 _aKirshner, Robert P.,
700 1 _aCarroll, Sean M.,
942 _2lcc
_cGEN
999 _c13523
_d13523